The state of the world's children 2013 : (Record no. 4222)

MARC details
000 -LEADER
fixed length control field 00655nam a2200193 4500
001 - CONTROL NUMBER
control field 5052
005 - DATE AND TIME OF LATEST TRANSACTION
control field 20181127174659.0
020 00 - INTERNATIONAL STANDARD BOOK NUMBER
International Standard Book Number 9789280646566
090 00 - LOCALLY ASSIGNED LC-TYPE CALL NUMBER (OCLC); LOCAL CALL NUMBER (RLIN)
Classification number (OCLC) (R) ; Classification number, CALL (RLIN) (NR) 362.4095498 U5811s 2013
110 ## - MAIN ENTRY--CORPORATE NAME
Corporate name or jurisdiction name as entry element UNICEF
Subordinate unit
Location of meeting
Date of meeting or treaty signing
Relator term
Number of part/section/meeting
Name of part/section of a work
245 00 - TITLE STATEMENT
Title The state of the world's children 2013 :
Remainder of title children with disabilities /
Statement of responsibility, etc. UNICEF.
Medium
260 00 - PUBLICATION, DISTRIBUTION, ETC.
Place of publication, distribution, etc. Thimphu :
Name of publisher, distributor, etc. UNICEF,
Date of publication, distribution, etc. 2013.
300 00 - PHYSICAL DESCRIPTION
Extent 153 p. : col. ill. ; 26 cm.
500 00 - GENERAL NOTE
General note ""United Nations Children's Fund"".
650 00 - SUBJECT ADDED ENTRY--TOPICAL TERM
Topical term or geographic name entry element Children with disabilities --Bhutan.
General subdivision
Topical term or geographic name entry element Health surveys --Bhutan.
General subdivision
710 ## - ADDED ENTRY--CORPORATE NAME
Corporate name or jurisdiction name as entry element United Nations Children's Fund (UNICEF).
Subordinate unit
Location of meeting
Date of meeting or treaty signing
Number of part/section/meeting
Arranged statement for music
Name of part/section of a work
Key for music
Version
Title of a work
Holdings
Withdrawn status Lost status Source of classification or shelving scheme Damaged status Not for loan Collection code Home library Current library Shelving location Serial Enumeration / chronology Inventory number Total Checkouts Total Renewals Full call number Barcode Date last seen Date last checked out Price effective from Koha item type
    Dewey Decimal Classification     Main TEST RTC Library RTC Library Main opac 8265 3 4 362.4 CHI 30008271 17/10/2019 09/09/2019 27/11/2018 Main
Royal Thimphu College || All Right Reserved